| 000 | 00810cam a22002054a 4500 | ||
|---|---|---|---|
| 005 | 20250605164121.0 | ||
| 008 | 250528s ||||||||||||||||||||||||d | ||
| 035 | _a18279 | ||
| 020 | _a1564966925 | ||
| 040 |
_aGR-AtMCL _bgre _dGR-AtMCL _eAACR2 |
||
| 245 | 1 | _aLarge Graphics / Design Innovation for Oversized Spaces | |
| 260 |
_bRockport Publishers, _c2000 |
||
| 300 | _a178 | ||
| 505 | 0 | _aIntroduction, Engaging Graphics, Illustrative Graphics, Minimalist Graphics, Photographic Graphics, Specialty Graphics, Contributors, About the Author. | |
| 520 | _aIntroduction, Engaging Graphics, Illustrative Graphics, Minimalist Graphics, Photographic Graphics, Specialty Graphics, Contributors, About the Author. | ||
| 700 | 1 |
_aCullen Cheryl Dangel _94556 |
|
| 942 | _cBK | ||
| 999 |
_c3647 _d3647 |
||